000 00226nam a22000857a 4500
008 170130b xxu||||| |||| 00| 0 eng d
100 _92644
_aAggarwal.R.S
245 _aCOm Mathematics-K.G and UKG
260 _aNew delhi
_bS.Chand
_c2011
999 _c5789
_d5789